Libro blanco de la atención temprana

Bewaard in:
Bibliografische gegevens
Coauteur: Federación Estatal de Asociaciones de Profesionales de Atención Temprana (Auteur)
Formaat: Boek
Taal:Spaans
Gepubliceerd in: Madrid Real Patronato sobre Discapacidad 2003
Reeks:Documentos, 55
Onderwerpen:
Tags: Voeg label toe
Geen labels, Wees de eerste die dit record labelt!

MARC

LEADER 00000nam a2200000 a 4500
001 UCI0837
003 CL-VaPUC
008 070601e20030000SP |||||||||||||||||spa|d
082 0 4 |a 371.9  |b LIB  |2 21 
110 2 |a Federación Estatal de Asociaciones de Profesionales de Atención Temprana  |e author  |9 520978 
245 1 0 |a Libro blanco de la atención temprana 
300 |a 61 p 
942 |c BK 
945 |d 20070601 00:00:00  |a jtorresc 
260 |a Madrid  |b Real Patronato sobre Discapacidad  |c 2003 
650 0 |a Educación especial  |9 307486 
650 7 |a ESTIMULACION TEMPRANA  |2 CL-VaPUC  |9 406827 
650 7 |a NIÑOS MINUSVALIDOS  |2 CL-VaPUC  |9 309747 
650 0 |a Métodos de enseñanza  |9 270413 
583 |a last modification  |c 20170912 11:22:02  |k Rodrigo Vera 
490 0 |a Documentos, 55 
999 |c 325815  |d 325813 
952 |0 0  |1 0  |4 0  |6 371_900000000000000_LIB_2003  |7 0  |8 A  |9 407167  |a BIBEDU  |b BIBEDU  |c ES_NOD  |d 2019-11-22  |i 4221826  |o 371.9 LIB 2003  |p 4221826  |r 2023-08-09  |w 2019-11-22  |y BK  |k PAR